=LDR 00000nam 2200000 4500 =001 INLIS000000000056440 =005 20200904071906 =035 ##$$a 0010-0920000071 =007 ta =008 200904###########################0#eng## =020 ##$$a 962-593-145-7 =082 ##$$a 627.729 598 =084 ##$$a 627.729 598 Mul d =245 1#$$a Diving Indonesia : $b A Guide to the world's greatest diving /$c Kal Muller =300 ##$$a 332 halaman : $b Ilustrasi ; $c 23 cm =500 ##$$a Indeks : halaman 324 - 332 =650 #4$$a Menyelam Indonesia =264 ##$$a Singapore :$b Periplus Editions,$c 1996 =336 ##$$a Teks$2 rdacontent =337 ##$$a lain-lain$2 rdamedia =338 ##$$a lain-lain$2 rdacarrier =990 ##$$a 31913191